Normal view MARC view

Entry Personal Name

Number of records used in: 2

001 - CONTROL NUMBER

  • control field: 3512

003 - CONTROL NUMBER IDENTIFIER

  • control field: OSt

005 - DATE AND TIME OF LATEST TRANSACTION

  • control field: 20220106142316.0

008 - FIXED-LENGTH DATA ELEMENTS

  • fixed length control field: 220106|| aca||aabn | a|a d

040 ## - CATALOGING SOURCE

  • Original cataloging agency: OSt
  • Transcribing agency: OSt

100 ## - HEADING--PERSONAL NAME

  • Personal name: Ramaswami, Rajiv Sivarajan, Kumar, N

670 ## - SOURCE DATA FOUND

  • Source citation: Work cat.: (OSt): Ramaswami, Rajiv Sivarajan, Kumar, N , Optical networks: a practical perspective

Powered by Koha